[Event "56th World U20 ch"]
[Site "Tarvisio ITA"]
[Date "2017.11.24"]
[Round "10.19"]
[White "Dragnev, Valentin"]
[Black "Yuffa, Daniil"]
[Result "1/2-1/2"]
[WhiteElo "2461"]
[BlackElo "2527"]
[EventDate "2017.11.13"]
[PlyCount "195"]

1.e4 Nf6 2.e5 Nd5 3.d4 d6 4.Nf3 g6 5.Bc4 Nb6 6.Bb3 Bg7 7.Ng5 e6 8.Qf3 Qe7 
9.Ne4 dxe5 10.dxe5 h6 11.Nf6+ Kf8 12.Bf4 N8d7 13.Nxd7+ Nxd7 14.Nc3 Bxe5 
15.Ne4 Bxf4 16.Qxf4 e5 17.Qe3 Kg7 18.O-O-O f5 19.Nc3 c6 20.Rhe1 Re8 21.Rd2
f4 22.Qe2 Nf6 23.Ne4 Nxe4 24.Qxe4 Bf5 25.Qc4 h5 26.Rde2 Qf6 27.f3 Rad8 28.
Qc3 e4 29.fxe4 Qxc3 30.bxc3 Bg4 31.Rf2 g5 32.e5 h4 33.g3 hxg3 34.hxg3 f3 
35.Bc4 Re7 36.e6 b5 37.Re5 Kf6 38.Re4 bxc4 39.Rxg4 Kf5 40.Rxc4 g4 41.Rf4+ 
Ke5 42.Rxg4 Rf8 43.Rd4 Rxe6 44.Rd3 Ref6 45.Kd2 c5 46.c4 Ra6 47.a3 Ke4 48.
Re3+ Kd4 49.Rfxf3 Rxf3 50.Rxf3 Rg6 51.Rf4+ Ke5 52.Rf3 Kd4 53.Kc1 Kxc4 54.
Rf4+ Kb5 55.g4 Rh6 56.a4+ Ka5 57.Rc4 Rh2 58.Kb2 Rg2 59.Kb3 Kb6 60.Rf4 Ka5 
61.Kc3 Kb6 62.Kd3 Ka5 63.Rc4 Kb6 64.Ke3 Kc6 65.Kf3 Rg1 66.Kf2 Rc1 67.g5 
Kd5 68.g6 Kxc4 69.g7 Rxc2+ 70.Ke3 Rc3+ 71.Kf4 Kb3 72.g8=Q+ Kxa4 73.Qa2+ 
Kb4 74.Qxa7 c4 75.Ke4 Rd3 76.Qa1 Kb3 77.Qc1 Rd8 78.Qe3+ Rd3 79.Qb6+ Kc3 
80.Ke5 Kc2 81.Qf2+ Rd2 82.Qf5+ Kb2 83.Qf4 c3 84.Qb4+ Kc2 85.Ke4 Rd1 86.Ke3
Rd3+ 87.Ke4 Rd1 88.Qa3 Rd2 89.Qa2+ Kc1 90.Qa1+ Kc2 91.Qa3 Rd1 92.Qa4+ Kb2 
93.Ke3 c2 94.Qb4+ Ka2 95.Qa4+ Kb2 96.Qb4+ Ka2 97.Qc4+ Kb2 98.Qb4+ $11 
1/2-1/2

[Event "56th World U20 ch"]
[Site "Tarvisio ITA"]
[Date "2017.11.24"]
[Round "10.20"]
[White "Bilguun, Sumiya"]
[Black "Bellahcene, Bilel"]
[Result "1-0"]
[WhiteElo "2460"]
[BlackElo "2510"]
[EventDate "2017.11.13"]
[PlyCount "105"]

1.e4 e6 2.d4 d5 3.Nd2 Nf6 4.e5 Nfd7 5.f4 c5 6.c3 Nc6 7.Ndf3 Qb6 8.g3 cxd4 
9.cxd4 Be7 10.Bh3 O-O 11.Ne2 f6 12.Bxe6+ Kh8 13.exf6 Nxf6 14.Bxc8 Bb4+ 15.
Kf1 Raxc8 16.Kg2 Ne4 17.Rf1 Rce8 18.Qd3 Bd6 19.a3 Na5 20.Nc3 Qc6 21.Kg1 
Rc8 22.Ne5 Bxe5 23.dxe5 Rfd8 24.Rd1 Nc5 25.Qb5 Nab3 26.Qxc6 bxc6 27.Rb1 d4
28.Na2 Ne4 29.Rd3 Nec5 30.Rd1 Ne4 31.Rd3 Nec5 32.Rd1 g6 33.Kg2 a5 34.Bd2 
Rb8 35.Be1 Rd5 36.Bf2 Kg8 37.Nc1 Kf7 38.Ne2 Ne6 39.g4 c5 40.Bg3 Rg8 41.Nc1
Nxc1 42.Rbxc1 Ke8 43.Rf1 d3 44.Rc4 Kd7 45.Rd1 Kc6 46.Kf2 Rb8 47.Rd2 Nd4 
48.Rc3 Ne2 49.Rcxd3 Rxd3 50.Rxd3 Rxb2 51.Rd6+ Kc7 52.Ke3 c4 53.Rd2 1-0

[Event "56th World U20 ch"]
[Site "Tarvisio ITA"]
[Date "2017.11.24"]
[Round "10.21"]
[White "Basso, Pierluigi"]
[Black "Lobanov, Sergei"]
[Result "0-1"]
[WhiteElo "2470"]
[BlackElo "2435"]
[EventDate "2017.11.13"]
[PlyCount "128"]

1.d4 Nf6 2.c4 e6 3.Nf3 b6 4.g3 Bb7 5.Bg2 Be7 6.O-O O-O 7.Nc3 Ne4 8.Bd2 Bf6
9.Ne5 Nxc3 10.Bxc3 Bxg2 11.Kxg2 d5 12.Qa4 c5 13.Rfd1 cxd4 14.Bxd4 Qc7 15.
Nf3 e5 16.Bc3 d4 17.Bb4 Rd8 18.Nd2 g6 19.Rac1 Qc6+ 20.Qxc6 Nxc6 21.Ba3 Bg5
22.h4 Bh6 23.g4 Bf4 24.b4 a6 25.Rb1 b5 26.Rbc1 Rd6 27.Rb1 f5 28.c5 Rd7 29.
Bc1 Kf7 30.f3 Ke6 31.a3 Rf8 32.g5 h6 33.Nf1 hxg5 34.hxg5 Bxc1 35.Rbxc1 e4 
36.Ng3 Ke5 37.Rf1 Rh8 38.fxe4 f4 39.Rh1 Rxh1 40.Nxh1 d3 41.Kf1 dxe2+ 42.
Kxe2 Kxe4 43.Nf2+ Kf5 44.Rh1 Re7+ 45.Kf1 Re3 46.Rh7 Rxa3 47.Rc7 Nxb4 48.c6
Kxg5 49.Rc8 Nd5 50.c7 Ra2 51.Ne4+ Kg4 52.Nc3 Ra1+ 53.Kg2 f3+ 54.Kf2 Nxc7 
55.Rxc7 Rc1 56.Nxb5 Rxc7 57.Nxc7 a5 58.Nd5 g5 59.Ne3+ Kf4 60.Nd5+ Ke4 61.
Nf6+ Kf5 62.Nd5 g4 63.Nc3 Kf4 64.Nd5+ Kg5 0-1

[Event "56th World U20 ch"]
[Site "Tarvisio ITA"]
[Date "2017.11.24"]
[Round "10.22"]
[White "Bakhmatsky, Vladislav"]
[Black "Narayanan, Sunilduth Lyna"]
[Result "0-1"]
[WhiteElo "2404"]
[BlackElo "2585"]
[EventDate "2017.11.13"]
[PlyCount "108"]

1.e4 e5 2.Nf3 Nc6 3.Bb5 a6 4.Ba4 Nf6 5.O-O Be7 6.d3 d6 7.c3 O-O 8.Re1 Re8 
9.Nbd2 b5 10.Bc2 Bf8 11.Nf1 h6 12.Ng3 d5 13.d4 dxe4 14.Nxe4 Bf5 15.Nxf6+ 
Qxf6 16.Nxe5 Nxe5 17.Rxe5 Rxe5 18.dxe5 Qxe5 19.Bxf5 Qxf5 20.Be3 Bd6 21.Qf3
Qxf3 22.gxf3 f5 23.f4 Kf7 24.a4 Rb8 25.axb5 axb5 26.Kg2 g5 27.fxg5 f4 28.
g6+ Kxg6 29.Bd4 Rd8 30.Kf3 c5 31.Rg1+ $11 Kf5 32.Bg7 Be7 33.Bxh6 Rd3+ 34.
Ke2 Rh3 35.Bg7 Rxh2 36.c4 Bh4 37.Rf1 bxc4 38.Bf8 Bf6 39.Bxc5 Bxb2 40.Rd1 
Ke4 41.Rd8 Be5 42.Re8 Kd5 43.Ba7 Bc7 44.Rc8 Bd6 45.Rd8 Kc6 46.Re8 Rh7 47.
Bd4 Rh3 48.Be5 Bxe5 49.Rxe5 Rd3 50.Rf5 Rd4 51.f3 c3 52.Rg5 Rd2+ 53.Ke1 Rd5
54.Rg4 c2 0-1

[Event "56th World U20 ch"]
[Site "Tarvisio ITA"]
[Date "2017.11.24"]
[Round "10.23"]
[White "Wang Tongsen"]
[Black "Ladva, Ottomar"]
[Result "0-1"]
[WhiteElo "2396"]
[BlackElo "2543"]
[EventDate "2017.11.13"]
[PlyCount "104"]

1.e4 g6 2.d4 Bg7 3.Nc3 d6 4.f4 a6 5.Nf3 b5 6.Bd3 Nd7 7.e5 c5 8.Be4 Rb8 9.
Be3 b4 10.Na4 Qa5 11.b3 Nh6 12.dxc5 dxe5 13.Nxe5 Nxe5 14.fxe5 Ng4 15.Bc6+ 
Kf8 16.Bf4 Qc7 17.Qf3 Bxe5 18.O-O Kg7 19.Bd5 Rd8 20.Bc4 Bxf4 21.Qxf4 Qxf4 
22.Rxf4 f5 23.Re1 e5 24.Rff1 e4 25.Rd1 Bb7 26.Rfe1 Ne5 27.Bf1 a5 28.Rd6 
Bc6 29.Red1 Rxd6 30.cxd6 Bxa4 31.bxa4 Kf6 32.Rd5 Ra8 33.d7 Rd8 34.Rxa5 
Rxd7 35.Ra6+ Kg5 36.Re6 Ng4 37.a5 Ne3 38.a6 Nxf1 39.Kxf1 Rd1+ 40.Ke2 Ra1 
41.Kd2 Kf4 42.Rb6 Rxa2 43.Rxb4 Rxa6 44.Rb3 h5 45.Rc3 g5 46.Ke2 h4 47.Rc5 
h3 48.gxh3 Ra3 49.Kf2 Rxh3 50.Kg2 Ra3 51.c4 Ra2+ 52.Kg1 e3 0-1

[Event "56th World U20 ch"]
[Site "Tarvisio ITA"]
[Date "2017.11.24"]
[Round "10.24"]
[White "Li Di"]
[Black "Percivaldi, Martin"]
[Result "1/2-1/2"]
[WhiteElo "2479"]
[BlackElo "2388"]
[EventDate "2017.11.13"]
[PlyCount "96"]

1.Nf3 Nf6 2.c4 e6 3.g3 d5 4.Bg2 d4 5.O-O c5 6.e3 Nc6 7.exd4 cxd4 8.d3 Bd6 
9.Na3 O-O 10.Re1 Re8 11.Bg5 h6 12.Bxf6 Qxf6 13.Nd2 a6 14.Ne4 Qe7 15.c5 
Bxc5 16.Nxc5 Qxc5 17.Rc1 Qe7 18.Nc4 Bd7 19.Nb6 Rad8 20.a3 Qd6 21.Qh5 Ne5 
22.Nxd7 Nxd7 23.Qa5 Nf6 24.Bxb7 Rb8 25.Bc6 Rec8 26.Qxa6 Nd5 27.Rc2 Rc7 28.
Rec1 Rbc8 29.Rc4 Rb8 30.Qa4 Nb6 31.Qb5 Nd7 32.Bxd7 Rxb5 33.Bxb5 Rb7 34.a4 
Kh7 35.Rc5 e5 36.b4 h5 37.h4 f5 38.a5 Qg6 39.a6 Rxb5 40.Rxb5 Qxa6 41.Rxe5 
Qxd3 42.Rc7 Qd1+ 43.Kg2 f4 44.Rf7 fxg3 45.fxg3 d3 46.Ree7 Qc2+ 47.Kf3 d2 
48.Rxg7+ Kh8 $11 1/2-1/2

[Event "56th World U20 ch"]
[Site "Tarvisio ITA"]
[Date "2017.11.24"]
[Round "10.25"]
[White "Van Foreest, Lucas"]
[Black "Begmuratov, Alisher"]
[Result "1-0"]
[WhiteElo "2474"]
[BlackElo "2401"]
[EventDate "2017.11.13"]
[PlyCount "95"]

1.e4 c5 2.Nf3 Nc6 3.Nc3 e5 4.Bc4 Be7 5.d3 Nf6 6.Nd2 d6 7.Nf1 Bg4 8.Qd2 Be6
9.Ne3 O-O 10.O-O Nd7 11.Ned5 Nb6 12.Qd1 Nxc4 13.dxc4 Bg5 14.Be3 Bxe3 15.
Nxe3 Ne7 $11 16.Nb5 a6 17.Nxd6 g6 18.f4 exf4 19.Rxf4 Nc6 20.Qd2 Qe7 21.Rd1
Rad8 22.Nd5 Bxd5 23.Qxd5 Ne5 24.Qxc5 Qg5 25.Qf2 Ng4 26.Qd2 Ne5 27.Rff1 Qe7
28.c5 b6 29.b4 Rd7 30.cxb6 Rfd8 31.b7 Nc6 32.e5 Rxb7 33.Qd5 Rc7 34.Rfe1 
Nxb4 35.Qd2 Nc6 36.Qf4 Qe6 37.c4 Re7 38.Qg5 Rb8 39.Ne4 Nxe5 40.Rd6 Qxd6 
41.Nxd6 Nf3+ 42.gxf3 Rxe1+ 43.Kf2 Re6 44.Ne4 f5 45.Nf6+ Kg7 46.Nd5 h6 47.
Qf4 Rb7 48.Qd4+ 1-0

[Event "56th World U20 ch"]
[Site "Tarvisio ITA"]
[Date "2017.11.24"]
[Round "10.26"]
[White "Nikitenko, Mikhail"]
[Black "Sosa, Tomas"]
[Result "1-0"]
[WhiteElo "2376"]
[BlackElo "2469"]
[EventDate "2017.11.13"]
[PlyCount "115"]

1.e4 e5 2.Nf3 Nc6 3.Bb5 a6 4.Ba4 d6 5.d4 exd4 6.Nxd4 Bd7 7.Nxc6 Bxc6 8.
Bxc6+ bxc6 9.O-O Be7 10.e5 dxe5 11.Qg4 Nf6 12.Qxg7 Rg8 13.Qh6 Qd7 14.f3 
O-O-O 15.Qd2 Qh3 16.Qe2 Nh5 17.Be3 Nf4 18.Bxf4 exf4 19.Kh1 Qh4 20.Nd2 Bc5 
21.Ne4 Bb6 22.Rad1 Rg6 23.Qxa6+ Kb8 24.Rxd8+ Qxd8 25.b4 Qc8 26.Qxc8+ Kxc8 
27.Rd1 f5 28.Nc5 Bxc5 29.bxc5 Re6 30.h3 Re2 31.c4 Rxa2 32.Rd4 Ra5 33.Rxf4 
Rxc5 34.Rh4 Kb7 35.Kg1 Kb6 36.Kf2 Ka5 37.Rxh7 Rxc4 38.Rxc7 f4 39.h4 Kb5 
40.Rb7+ Kc5 41.Rd7 Ra4 42.Rf7 Kd5 43.Rf6 c5 44.Rf5+ Kd6 45.h5 Ra2+ 46.Kg1 
c4 47.Rxf4 Kd5 48.Rf8 Kd4 49.Rd8+ Ke3 50.Rc8 Kd3 51.h6 Ra1+ 52.Kf2 Rh1 53.
Rh8 c3 54.h7 Kc2 55.g4 Kc1 56.Rc8 Rxh7 57.Rxc3+ Kd2 58.Rc8 1-0

[Event "56th World U20 ch"]
[Site "Tarvisio ITA"]
[Date "2017.11.24"]
[Round "10.27"]
[White "Macovei, Andrei"]
[Black "Harsha, Bharathakoti"]
[Result "0-1"]
[WhiteElo "2343"]
[BlackElo "2445"]
[EventDate "2017.11.13"]
[PlyCount "82"]

1.e4 c5 2.Nf3 d6 3.Bb5+ Nd7 4.c3 Nf6 5.Bd3 Ne5 6.Nxe5 dxe5 7.Be2 Bd7 8.d3 
e6 9.O-O Bc6 10.Na3 b5 11.Be3 Be7 12.Nc2 O-O 13.a3 Qc7 14.b4 c4 15.f3 Rfd8
16.d4 exd4 17.cxd4 Bd6 18.g3 Nd7 19.Rf2 Nb6 20.Bf1 f5 21.Qe1 fxe4 22.fxe4 
Qb7 23.Bg2 Re8 24.Bd2 Na4 25.Rb1 Bc7 26.Kh1 Rad8 27.Re2 Rf8 28.Bg5 Rde8 
29.d5 exd5 30.Nd4 h6 31.Nxc6 Qxc6 32.exd5 Rxe2 33.Qxe2 Qg6 34.Qe6+ Qxe6 
35.dxe6 hxg5 36.Bc6 Bd6 37.Re1 Be7 38.Bxb5 Nb6 39.Kg2 c3 40.Bc6 Nc4 41.Kh3
Nxa3 0-1

[Event "56th World U20 ch"]
[Site "Tarvisio ITA"]
[Date "2017.11.24"]
[Round "10.28"]
[White "Petrov, Martin"]
[Black "Tin Jingyao"]
[Result "1/2-1/2"]
[WhiteElo "2431"]
[BlackElo "2404"]
[EventDate "2017.11.13"]
[PlyCount "106"]

1.c4 Nf6 2.Nc3 e5 3.Nf3 Nc6 4.a3 g6 5.g3 Bg7 6.Bg2 a5 7.O-O d6 8.d3 O-O 9.
Rb1 Re8 10.Nd2 Bg4 11.h3 Be6 12.Nde4 Nxe4 13.Nxe4 h6 14.Nc3 Qc8 15.Kh2 Nd4
16.Bd2 c6 17.f4 exf4 18.Bxf4 d5 19.cxd5 Bxd5 20.Bxd5 cxd5 21.Nxd5 g5 22.
Be3 Qc2 23.Qxc2 Nxc2 24.Bb6 Rxe2+ 25.Kh1 Ra6 26.Rf5 Nd4 27.Bxd4 Bxd4 28.
Rbf1 Rd6 29.b4 a4 30.Nc7 Rd7 31.Nb5 Bg7 32.d4 Rd2 33.R5f2 Rxf2 34.Rxf2 Rd5
35.Nc3 Rxd4 36.Rf3 Rc4 37.Nxa4 Bd4 38.Rf5 Rc1+ 39.Kg2 Rc2+ 40.Kf1 Ra2 41.
Rf3 b5 42.Nc5 Bb2 43.Ne4 Bxa3 44.Rb3 Bb2 45.Nd6 Be5 46.Nxb5 Kg7 47.g4 h5 
48.Nc3 Rc2 49.Ne4 Kg6 50.b5 hxg4 51.hxg4 f5 52.gxf5+ Kxf5 53.Ng3+ Bxg3 
1/2-1/2

[Event "56th World U20 ch"]
[Site "Tarvisio ITA"]
[Date "2017.11.24"]
[Round "10.29"]
[White "Gomez Sanchez, Jorge Marcos"]
[Black "Zarubitsky, Viachaslau"]
[Result "1-0"]
[WhiteElo "2426"]
[BlackElo "2344"]
[EventDate "2017.11.13"]
[PlyCount "81"]

1.Nf3 Nf6 2.g3 d5 3.Bg2 c6 4.b3 Bf5 5.Bb2 e6 6.O-O Be7 7.c4 O-O 8.d3 h6 9.
Re1 Bh7 10.Qc2 a5 11.Nc3 Na6 12.Rad1 Qc7 13.e4 dxe4 14.dxe4 Rfd8 15.Nd4 
Rd7 16.Qe2 e5 17.Nf5 Bf8 18.Qf3 Rxd1 19.Rxd1 Ne8 20.Ne2 Nc5 21.h4 a4 22.b4
a3 23.Bc1 Ne6 24.c5 b6 25.cxb6 Qb7 26.Bxa3 Kh8 27.Bh3 Nf6 28.Bb2 Rxa2 29.
Bxe5 Nd7 30.Nxh6 Nxe5 31.Nxf7+ Nxf7 32.Bxe6 Rxe2 33.Qxe2 Ne5 34.Qh5 Qb8 
35.b7 g6 36.Qe2 Qxb7 37.f4 Nf7 38.Rd7 Qb6+ 39.Kg2 Ne5 40.fxe5 c5 41.Qf2 
1-0

[Event "56th World U20 ch"]
[Site "Tarvisio ITA"]
[Date "2017.11.24"]
[Round "10.30"]
[White "Saiyn, Zhanat"]
[Black "Rakotomaharo, Fy Antenaina"]
[Result "1-0"]
[WhiteElo "2374"]
[BlackElo "2414"]
[EventDate "2017.11.13"]
[PlyCount "97"]

1.d4 Nf6 2.c4 g6 3.Nf3 Bg7 4.g3 c6 5.Bg2 d5 6.Nbd2 O-O 7.O-O Bf5 8.b3 Ne4 
9.Bb2 Qa5 10.a3 Rd8 11.b4 Qb6 12.c5 Qc7 13.Nh4 Nxd2 14.Qxd2 Bc8 15.f3 b6 
16.Rac1 bxc5 17.bxc5 Ba6 18.Bc3 Re8 19.Rfe1 e5 20.dxe5 Bxe5 21.Bxe5 Rxe5 
22.f4 Re8 23.e4 dxe4 24.Rxe4 Rxe4 25.Bxe4 Nd7 26.Qd4 Re8 27.Bg2 Qa5 28.Qb4
Qxb4 29.axb4 Bb5 30.Nf3 a5 31.Nd4 axb4 32.Nxb5 cxb5 33.c6 Nb6 34.Rc5 Rc8 
35.Rxb5 Nc4 36.Rxb4 Nd6 37.Rd4 Ne8 38.g4 Nc7 39.Rd7 Kf8 40.Kf2 Ke8 41.f5 
Kf8 42.f6 h6 43.h4 Kg8 44.g5 hxg5 45.hxg5 Kf8 46.Bh3 Ne8 47.Rxf7+ Kxf7 48.
Bxc8 Nd6 49.Bd7 1-0

[Event "56th World U20 ch"]
[Site "Tarvisio ITA"]
[Date "2017.11.24"]
[Round "10.31"]
[White "Villegas, Franco"]
[Black "Peng Xiongjian"]
[Result "1-0"]
[WhiteElo "2328"]
[BlackElo "2412"]
[EventDate "2017.11.13"]
[PlyCount "99"]

1.e4 e5 2.Nf3 Nc6 3.Bb5 a6 4.Ba4 Nf6 5.O-O Be7 6.Re1 b5 7.Bb3 d6 8.c3 O-O 
9.d4 Bg4 10.Be3 exd4 11.cxd4 d5 12.e5 Ne4 13.h3 Bh5 14.Nbd2 Nxd2 15.Qxd2 
Bxf3 16.Qc3 Bxg2 17.Kxg2 Nb8 18.Bf4 Ra7 19.Rac1 c6 20.Qg3 Bh4 21.Qf3 g6 
22.Bh6 Re8 23.Qg4 Re6 24.Bc2 Kh8 25.Re3 f5 26.exf6 Rxe3 27.Qxh4 Re8 28.
Bxg6 hxg6 29.Bg7+ Kg8 30.Qh8+ Kf7 31.Qh7 Qd7 32.Rc3 Re4 33.Rf3 Ke6 34.f7 
Qxf7 35.Rxf7 Rxf7 36.Qxg6+ Ke7 37.Be5 Nd7 38.Qd6+ Ke8 39.Qxc6 Re2 40.Qe6+ 
Re7 41.Qg8+ Nf8 42.Qxd5 Re6 43.Qa8+ Ke7 44.Bg3 Rxb2 45.d5 Ree2 46.d6+ Kf7 
47.Qf3+ Ke8 48.Qh5+ Kd8 49.Qf7 Ne6 50.Qe7+ 1-0

[Event "56th World U20 ch"]
[Site "Tarvisio ITA"]
[Date "2017.11.24"]
[Round "10.32"]
[White "Milosevic, Milos"]
[Black "Morozov, Nichita"]
[Result "1/2-1/2"]
[WhiteElo "2249"]
[BlackElo "2467"]
[EventDate "2017.11.13"]
[PlyCount "60"]

1.e4 d6 2.d4 Nf6 3.Nc3 Nbd7 4.Nf3 e5 5.g4 g6 6.Rg1 exd4 7.Nxd4 Bg7 8.Be3 
O-O 9.g5 Ne8 10.Qd2 Ne5 11.Be2 c5 12.Nb3 Be6 13.O-O-O Qc8 14.Nd5 Bxd5 15.
Qxd5 c4 16.Nd4 Nc7 17.Qxd6 Rd8 18.Qc5 b6 19.Qa3 a5 20.Qa4 Qb7 21.c3 Qxe4 
22.Qc2 Qxc2+ 23.Kxc2 Re8 24.Rge1 Nd5 25.Bc1 Rad8 26.a3 f6 27.Bf1 fxg5 28.
Bxg5 Bf6 29.Bxf6 Nxf6 30.f4 $17 Neg4 1/2-1/2

[Event "56th World U20 ch"]
[Site "Tarvisio ITA"]
[Date "2017.11.24"]
[Round "10.33"]
[White "Pichot, Alan"]
[Black "Tutisani, Noe"]
[Result "1-0"]
[WhiteElo "2568"]
[BlackElo "2361"]
[EventDate "2017.11.13"]
[PlyCount "97"]

1.e4 e5 2.Nf3 Nc6 3.Bb5 a6 4.Ba4 d6 5.O-O Bd7 6.c3 Nge7 7.d4 Ng6 8.d5 Nb8 
9.c4 Be7 10.Nc3 O-O 11.Be3 h6 12.b4 a5 13.a3 b6 14.Bxd7 Nxd7 15.Qe2 Nf6 
16.Nd2 Qd7 17.f3 Nh7 18.g3 f5 19.exf5 Qxf5 20.Nb5 axb4 21.axb4 Rxa1 22.
Rxa1 Ng5 23.Nxc7 Qc2 24.Re1 Qc3 25.Kg2 Rc8 26.Nb5 Qxb4 27.Na7 Rc7 28.Nc6 
Qb2 29.h4 Nf7 30.Qd3 Nf8 31.Qb1 Qa3 32.Qxb6 Rd7 33.Qb3 Qa8 34.Rb1 Qe8 35.
Ne4 Nd8 36.Nxd8 Rxd8 37.c5 Bxh4 38.c6 Be7 39.Qb7 Rc8 40.Ba7 h5 41.Bb8 h4 
42.Bxd6 h3+ 43.Kh2 Bxd6 44.Nxd6 Qg6 45.Ne4 Qf5 46.Rf1 Nh7 47.d6 Rf8 48.c7 
Qe6 49.Rf2 1-0

[Event "56th World U20 ch"]
[Site "Tarvisio ITA"]
[Date "2017.11.24"]
[Round "10.34"]
[White "Harutiunian, Tigran"]
[Black "Sadhwani, Raunak"]
[Result "1-0"]
[WhiteElo "2508"]
[BlackElo "2339"]
[EventDate "2017.11.13"]
[PlyCount "71"]

1.Nf3 Nf6 2.c4 e6 3.g3 d5 4.Bg2 Be7 5.O-O O-O 6.d3 b6 7.cxd5 Nxd5 8.Nc3 
Bb7 9.e4 Nb4 10.d4 Ba6 11.Re1 c5 12.d5 exd5 13.exd5 Nd3 14.Re3 c4 15.Ne5 
Bc5 16.Nxd3 Bxe3 17.Bxe3 cxd3 18.d6 Nc6 19.Bxc6 Rc8 20.Bb5 Bxb5 21.Nxb5 a6
22.Nd4 Qxd6 23.Qxd3 b5 24.a4 b4 25.a5 Rc5 26.Qb3 Rfc8 27.Ne2 Rc2 28.Nf4 
R2c4 29.Rd1 Qf8 30.Nd5 Re4 31.Qd3 Re6 32.Nb6 Rce8 33.Qxa6 Qe7 34.Qd3 Qa7 
35.Qb5 Re5 36.Qxe5 1-0

[Event "56th World U20 ch"]
[Site "Tarvisio ITA"]
[Date "2017.11.24"]
[Round "10.35"]
[White "Tran Minh Thang"]
[Black "Schoppen, Casper"]
[Result "1-0"]
[WhiteElo "2361"]
[BlackElo "2432"]
[EventDate "2017.11.13"]
[PlyCount "77"]

1.d4 Nf6 2.Nf3 e6 3.Bf4 c5 4.e3 d5 5.c3 Bd6 6.Bxd6 Qxd6 7.Ne5 O-O 8.Bd3 
Nfd7 9.f4 Nc6 10.Nd2 Ne7 11.O-O Nf5 12.Qh5 g6 13.Qh3 f6 14.g4 fxe5 15.fxe5
Qe7 16.gxf5 gxf5 17.Kh1 Kh8 18.Nf3 b6 19.Rg1 Rg8 20.Rxg8+ Kxg8 21.Rg1+ Kh8
22.Qh5 Nf8 23.Bb5 Bb7 24.Ng5 Ng6 25.Nxh7 Qxh7 26.Qxg6 Qxg6 27.Rxg6 Bc8 28.
Bc6 Rb8 29.h4 c4 30.a4 a6 31.Kg2 b5 32.axb5 axb5 33.Kg3 b4 34.Kf4 bxc3 35.
bxc3 Rb3 36.Kg5 Rxc3 37.Kf6 Rxe3 38.Rh6+ Kg8 39.Be8 1-0

[Event "56th World U20 ch"]
[Site "Tarvisio ITA"]
[Date "2017.11.24"]
[Round "10.36"]
[White "Dimic, Pavle"]
[Black "Zhu Yi"]
[Result "1/2-1/2"]
[WhiteElo "2357"]
[BlackElo "2432"]
[EventDate "2017.11.13"]
[PlyCount "107"]

1.d4 Nf6 2.Nf3 g6 3.c4 Bg7 4.g3 O-O 5.Bg2 d6 6.O-O Nbd7 7.Nc3 e5 8.e4 exd4
9.Nxd4 Re8 10.h3 Nc5 11.Re1 a5 12.Rb1 Bd7 13.Ndb5 Bc6 14.Qc2 h6 15.f3 Nh5 
16.g4 Nf6 17.Be3 h5 18.Rbd1 Qc8 19.g5 Nfd7 20.f4 a4 21.b4 axb3 22.axb3 Na6
23.Nd5 Bxd5 24.cxd5 Qd8 25.b4 Re7 26.Qb3 Bh8 27.Rc1 Nf8 28.Bf2 Qe8 29.Qc4 
Kh7 30.Nd4 Nd7 31.Nb5 Nf8 32.Kh2 Bg7 33.Rc2 Qd7 34.h4 c6 35.dxc6 bxc6 36.
Qxc6 Nxb4 37.Qxa8 Nxc2 38.Rc1 Qxb5 39.Rxc2 $11 Qd3 40.Qa2 Rxe4 41.Bxe4 
Qxe4 42.Rc7 Ne6 43.Rxf7 Nxf4 44.Bg3 Nd3 45.Qg2 Qe6 46.Ra7 Qg4 47.Rxg7+ 
Kxg7 48.Qb7+ Kh8 49.Qb8+ Kh7 50.Qc7+ Kh8 51.Qd8+ Kh7 52.Qe7+ Kg8 53.Qe8+ 
Kg7 54.Qe7+ 1/2-1/2

[Event "56th World U20 ch"]
[Site "Tarvisio ITA"]
[Date "2017.11.24"]
[Round "10.37"]
[White "Batsuren, Dambasuren"]
[Black "Vrolijk, Liam"]
[Result "1/2-1/2"]
[WhiteElo "2352"]
[BlackElo "2425"]
[EventDate "2017.11.13"]
[PlyCount "68"]

1.d4 e6 2.c4 Nf6 3.Nf3 b6 4.g3 Bb7 5.Bg2 Be7 6.O-O O-O 7.Nc3 Ne4 8.Qc2 
Nxc3 9.Qxc3 c5 10.Rd1 d6 11.b3 Bf6 12.Bb2 Qe7 13.Qc2 Nc6 14.e4 e5 15.d5 
Nd4 16.Nxd4 exd4 17.Re1 Rae8 18.a4 a5 19.Re2 g6 20.Rae1 Bg7 21.Bc1 Bc8 22.
Qd3 Qd8 23.h4 h5 24.Bf4 f6 25.Bc1 Rf7 26.Kh2 Rfe7 27.Bh3 Bxh3 28.Kxh3 Qd7+
29.Kg2 Kh7 30.f3 f5 31.Bg5 fxe4 32.Rxe4 Rxe4 33.Rxe4 Bh6 34.Rxe8 Qxe8 
1/2-1/2

[Event "56th World U20 ch"]
[Site "Tarvisio ITA"]
[Date "2017.11.24"]
[Round "10.38"]
[White "Keymer, Vincent"]
[Black "Xu Yining"]
[Result "1/2-1/2"]
[WhiteElo "2405"]
[BlackElo "2321"]
[EventDate "2017.11.13"]
[PlyCount "66"]

1.c4 f5 2.d4 Nf6 3.Nc3 d6 4.Bg5 Nbd7 5.Nf3 g6 6.Qc2 Bg7 7.O-O-O O-O 8.e4 
fxe4 9.Nxe4 c6 10.Nc3 Nb6 11.c5 Nbd5 12.Bc4 Be6 13.Qb3 b5 14.cxb6 Qxb6 15.
Qxb6 axb6 16.Rhe1 Bf7 17.Bxd5 Nxd5 18.Bxe7 Nxc3 19.bxc3 Bh6+ 20.Kb1 Bxa2+ 
21.Kc2 Rf5 22.Ra1 Rfa5 23.Bxd6 Bb3+ 24.Kb2 Rxa1 25.Rxa1 Rxa1 26.Kxa1 Bd5 
27.Kb2 Bxf3 28.gxf3 Kf7 29.c4 Ke6 30.Bc7 b5 31.Kc3 bxc4 32.Kxc4 Bf8 33.Bg3
Be7 $11 1/2-1/2

[Event "56th World U20 ch"]
[Site "Tarvisio ITA"]
[Date "2017.11.24"]
[Round "10.39"]
[White "Zuo Yifan"]
[Black "Bersamina, Paulo"]
[Result "1/2-1/2"]
[WhiteElo "2346"]
[BlackElo "2404"]
[EventDate "2017.11.13"]
[PlyCount "73"]

1.d4 Nf6 2.Nf3 e6 3.c4 Bb4+ 4.Nbd2 O-O 5.a3 Be7 6.g3 d5 7.Bg2 a5 8.O-O c5 
9.cxd5 exd5 10.dxc5 Bxc5 11.Nb3 Bb6 12.Nbd4 Re8 13.b3 Nc6 14.Bb2 Bg4 15.h3
Bd7 16.e3 Ne4 17.Rc1 Rc8 18.Ne2 Be6 19.Nfd4 Qf6 20.Rc2 Nxd4 21.Bxd4 Bxd4 
22.Nxd4 Bd7 23.Qe2 Qd6 24.a4 Rxc2 25.Qxc2 Rc8 26.Qb2 Qf6 27.Bxe4 dxe4 28.
Rc1 Rxc1+ 29.Qxc1 Qe5 30.Kg2 h5 31.Qc4 g6 32.b4 axb4 33.Qxb4 b6 34.Qxb6 
Bxa4 35.Qd8+ Kg7 $11 36.h4 Bd1 37.Ne6+ 1/2-1/2

[Event "56th World U20 ch"]
[Site "Tarvisio ITA"]
[Date "2017.11.24"]
[Round "10.40"]
[White "Timerkhanov, Alexander"]
[Black "Acosta, Pablo Ismael"]
[Result "0-1"]
[WhiteElo "2312"]
[BlackElo "2402"]
[EventDate "2017.11.13"]
[PlyCount "74"]

1.d4 d5 2.c4 e6 3.Nf3 c6 4.Nc3 Nf6 5.Bg5 h6 6.Bxf6 Qxf6 7.a3 Nd7 8.e4 dxe4
9.Nxe4 Qf4 10.Bd3 Be7 11.O-O O-O 12.Qe2 b6 13.b4 Rd8 14.g3 Qg4 15.Kg2 f5 
16.Nc3 Nf8 17.h3 Qh5 18.c5 Bf6 19.Bc4 b5 20.Bb3 a5 21.Rad1 g5 22.Ne5 Qxe2 
23.Nxe2 axb4 24.axb4 Ra3 25.Nc1 Bd7 26.f4 Kg7 27.g4 Be8 28.gxf5 exf5 29.
Rfe1 gxf4 30.Kh1 Bh4 31.Rf1 Bg3 32.Bc2 Kf6 33.Ne2 Ne6 34.Ra1 Rxa1 35.Rxa1 
Nxd4 36.Nxd4 Rxd4 37.Nd3 Bf7 0-1

[Event "56th World U20 ch"]
[Site "Tarvisio ITA"]
[Date "2017.11.24"]
[Round "10.41"]
[White "Makhnev, Denis"]
[Black "Taalaibekov, Tagir"]
[Result "1-0"]
[WhiteElo "2379"]
[BlackElo "2219"]
[EventDate "2017.11.13"]
[PlyCount "85"]

1.d4 Nf6 2.g3 d5 3.Bg2 c6 4.Nf3 Bg4 5.Nbd2 e6 6.h3 Bf5 7.g4 Bg6 8.Ne5 Nbd7
9.Nxg6 hxg6 10.e3 Bd6 11.h4 e5 12.g5 Nh5 13.dxe5 Nxe5 14.Nf3 Qe7 15.Qe2 
Nc4 16.Nd2 Ng3 17.fxg3 Bxg3+ 18.Kf1 Nxe3+ 19.Kg1 Nxc2 20.Qxe7+ Kxe7 21.Rb1
Bxh4 22.Nf3 Bg3 23.Bd2 Rxh1+ 24.Bxh1 d4 25.Rc1 d3 26.Bg2 c5 27.b3 b5 28.
Ne5 Bxe5 29.Bxa8 c4 30.bxc4 bxc4 31.Be4 Kd6 32.Rf1 Bd4+ 33.Kg2 Be3 34.Bc3 
Ke6 35.Rb1 Bxg5 36.Rb5 Ne3+ 37.Kf3 f5 38.Bb7 Nd1 39.Bd5+ Kd6 40.Bb4+ Ke5 
41.Bxc4+ Kd4 42.Bb3 Nc3 43.Rc5 1-0

[Event "56th World U20 ch"]
[Site "Tarvisio ITA"]
[Date "2017.11.24"]
[Round "10.42"]
[White "Ioannidis, Evgenios"]
[Black "Sidhant, Mohapatra"]
[Result "0-1"]
[WhiteElo "2302"]
[BlackElo "2371"]
[EventDate "2017.11.13"]
[PlyCount "45"]

1.d4 Nf6 2.c4 e6 3.Nc3 Bb4 4.e3 O-O 5.Bd3 d5 6.Nf3 b6 7.O-O Ba6 8.Qe2 dxc4
9.Bxc4 Bxc4 10.Qxc4 Bxc3 11.bxc3 c5 12.dxc5 Qc7 13.Ba3 Nbd7 14.Qd4 bxc5 
15.Qa4 Nb6 16.Qh4 Rfd8 17.Rfd1 h6 18.h3 c4 19.Rd4 Rxd4 20.Qxd4 Rd8 21.Qc5 
Qxc5 22.Bxc5 Ne4 23.Ne5 0-1

[Event "56th World U20 ch"]
[Site "Tarvisio ITA"]
[Date "2017.11.24"]
[Round "10.43"]
[White "Bayramov, Elkhan"]
[Black "Haria, Ravi"]
[Result "0-1"]
[WhiteElo "2065"]
[BlackElo "2364"]
[EventDate "2017.11.13"]
[PlyCount "68"]

1.e4 e6 2.d4 d5 3.Nc3 Bb4 4.e5 b6 5.Qg4 Bf8 6.Nf3 Qd7 7.a4 Ba6 8.Nb5 Ne7 
9.Bd3 Nf5 10.Qf4 c6 11.g4 Nh6 12.Nc3 Bxd3 13.cxd3 Na6 14.Bd2 Nb4 15.Ke2 
Be7 16.Qg3 c5 17.Rhc1 Nc6 18.Nb5 O-O 19.Bxh6 gxh6 20.Qf4 f6 21.Qxh6 a6 22.
g5 fxg5 23.Nd6 Bxd6 24.Qxg5+ Kh8 25.Rg1 Qf7 26.Rg3 Qxf3+ 27.Rxf3 Nxd4+ 28.
Kd1 Nxf3 29.Qh5 Nxe5 30.Ke2 Rf5 31.Qh3 Ng6 32.Qg4 Rg8 33.Kd2 Rxf2+ 34.Ke3 
Rgf8 0-1